LDR 00859naa#a2200157#i#450# 001 RU\\bibl\19779 005 20260603041524.3 100 ## _a20260601b2026####ek#y0rusy0150####ca 102 ## _aRU 200 1# _aК ИЗУЧЕНИЮ БИОТОПИЧЕСКОГО РАСПРЕДЕЛЕНИЯ И ЧИСЛЕННОСТИ ПТИЦ В ЛЕСНОМ УЧАСТКЕ МОРДОВСКОГО ЗАПОВЕДНИКА _eСтатья/тезисы конференции 210 1# _aВоронеж _cВоронежский государственный лесотехнический университет имени Г.Ф. Морозова _d2026 215 ## _a7 с. 608 ## _aСтатья/тезисы конференции _2local 675 ## _aПриспособление животных к местам обитания. 591.524 _z 700 #1 _aСемешина _gН. С. 856 4# _abibl.vgltu.ru _u